书目信息 |
| 题名: |
民用航空法基础
|
|
| 作者: | 赵旭望 , 秦永红 主编 | |
| 分册: | ||
| 出版信息: | 北京 科学出版社 2013 |
|
| 页数: | 171页 | |
| 开本: | 26cm | |
| 丛书名: | ||
| 单 册: | ||
| 中图分类: | D922.296.1 | |
| 科图分类: | ||
| 主题词: | 民用航空--min yong hang kong--航空法--中国--高等职业教育--教材 | |
| 电子资源: | ||
| ISBN: | 978-7-03-036244-5 | |
| 000 | 00898nam0 22002531 450 | |
| 001 | 0116132756 | |
| 005 | 20161219100608.25 | |
| 010 | @a978-7-03-036244-5@dCNY28.00 | |
| 100 | @a20130506d2013 em y0chiy50 ea | |
| 101 | 0 | @achi |
| 102 | @aCN@b110000 | |
| 105 | @ay z 000yy | |
| 106 | @ar | |
| 200 | 1 | @a民用航空法基础@9min yong hang kong fa ji chu@f赵旭望, 秦永红主编 |
| 210 | @a北京@c科学出版社@d2013 | |
| 215 | @a171页@d26cm | |
| 300 | @a高等职业教育“十二五”规划教材 航空服务类专业教材系列 | |
| 330 | @a本书分为13章,以民用航空法的主要内容为基本框架,结合民航业发展的趋势和变化,系统阐述了法规的相关内容。 | |
| 606 | 0 | @a民用航空@9min yong hang kong@x航空法@y中国@x高等职业教育@j教材 |
| 690 | @aD922.296.1@v5 | |
| 701 | 0 | @a赵旭望@9zhao xu wang@4主编 |
| 701 | 0 | @a秦永红@9qin yong hong@c(航空)@4主编 |
| 801 | 0 | @aCN@bTANGWEI@c20161216 |
| 905 | @b0952979-83@dD922.296.1@e1527@f5 | |
| 民用航空法基础/赵旭望, 秦永红主编.-北京:科学出版社,2013 |
| 171页;26cm |
| 高等职业教育“十二五”规划教材 航空服务类专业教材系列 |
| ISBN 978-7-03-036244-5:CNY28.00 |
| 本书分为13章,以民用航空法的主要内容为基本框架,结合民航业发展的趋势和变化,系统阐述了法规的相关内容。 |
| ● |
| 相关链接 |
|
|
|
|
正题名:民用航空法基础
索取号:D922.296.1/1527
 
预约/预借
| 序号 | 登录号 | 条形码 | 馆藏地/架位号 | 状态 | 备注 |
| 1 | 0952979 | 209529795 | 第一样本阅览室/ [索取号:D922.296.1/1527] | 在馆 | |
| 2 | 0952980 | 209529802 | 第一借阅区/ [索取号:D922.296.1/1527] | 在馆 | |
| 3 | 0952981 | 209529811 | 第一借阅区/ [索取号:D922.296.1/1527] | 在馆 | |
| 4 | 0952982 | 209529820 | 第一借阅区/ [索取号:D922.296.1/1527] | 在馆 | |
| 5 | 0952983 | 209529839 | 第一借阅区/ [索取号:D922.296.1/1527] | 在馆 |